Rentner Gang Allgemeinwissen #13 - Statistiken

Allgemein
  • Dieses Quiz wurde 6 mal gespielt
  • Das Durchschnittsergebnis liegt bei 30 aus 54
Antwortstatistiken
Frage Kachel Select % Korrekt
Auf welchen Server versuchten Bo und Gor zu zweit eine Stadt zu errichten? AmeisenbärenSMP Nein
100%
Auf welchen Server versuchten Bo und Gor zu zweit eine Stadt zu errichten? Eibl Breibl Nein
100%
Welche der folgenden Personen wurden mindestens einmal beim örtlichen Supermarkt gesichtet? 300 Kilo Typ Nein
75%
Auf welchen Server versuchten Bo und Gor zu zweit eine Stadt zu errichten? Anal Anus Nein
75%
Auf welchen Server versuchten Bo und Gor zu zweit eine Stadt zu errichten? Breitberg Nein
75%
Welcher dieser Server endete tatsächlich aufgrund der Begründung "langeweile", weil bereits alles erreicht wurde? Fettghurt Brettwurz Nein
75%
Welche der folgenden Personen wurden mindestens einmal beim örtlichen Supermarkt gesichtet? Hermann III Ja
75%
Welcher dieser Server endete tatsächlich aufgrund der Begründung "langeweile", weil bereits alles erreicht wurde? MC Grego Knuts Paradise Nein
75%
Auf welchen Server versuchten Bo und Gor zu zweit eine Stadt zu errichten? Rentnerparadies Ja
75%
Welcher dieser Server endete tatsächlich aufgrund der Begründung "langeweile", weil bereits alles erreicht wurde? SchweineschwarteSMP Nein
75%
Welcher dieser Server endete tatsächlich aufgrund der Begründung "langeweile", weil bereits alles erreicht wurde? Subba Subbe Nein
75%
Welcher dieser Server endete tatsächlich aufgrund der Begründung "langeweile", weil bereits alles erreicht wurde? Urschenkli Nein
75%
Welche der folgenden Personen wurden mindestens einmal beim örtlichen Supermarkt gesichtet? Walter White Typ Nein
75%
Welcher dieser Server endete tatsächlich aufgrund der Begründung "langeweile", weil bereits alles erreicht wurde? 1. Fikolas Server Nein
50%
Auf welchen Server wurde die Farmers´ Delight Mod benutzt? Ameisenbären sind toll Nein
50%
Welcher dieser Server endete tatsächlich aufgrund der Begründung "langeweile", weil bereits alles erreicht wurde? AmeisenbärenSMP Ja
50%
Auf welchen Servern lebte Bo in einem Boot / Schiff? AmeisenbärenSMP Nein
50%
Auf welchen Server wurde die Farmers´ Delight Mod benutzt? ApfelsinenSMP Nein
50%
Wer war mindestens einmal auf dem Rentnergang Profilbild zu sehen? Beatmungsgerät Rentner Ja
50%
Wer war mindestens einmal auf dem Rentnergang Profilbild zu sehen? Borian Bö Nein
50%
Auf welchen Server versuchten Bo und Gor zu zweit eine Stadt zu errichten? DürchfallSMP Ja
50%
Auf welchen Server wurde die Farmers´ Delight Mod benutzt? DürchfallSMP Nein
50%
Auf welchen Servern lebte Bo in einem Boot / Schiff? Eibl Breibl Nein
50%
Wer war mindestens einmal auf dem Rentnergang Profilbild zu sehen? Emil Ja
50%
Auf welchen Server wurde die Farmers´ Delight Mod benutzt? Emils geile Mutter Nein
50%
Welche der folgenden Personen wurden mindestens einmal beim örtlichen Supermarkt gesichtet? Fortnite Junge Ja
50%
Wer war mindestens einmal auf dem Rentnergang Profilbild zu sehen? Gargamel Ja
50%
Welche der folgenden Personen wurden mindestens einmal beim örtlichen Supermarkt gesichtet? Hanspeter Ja
50%
Auf welchen Servern lebte Bo in einem Boot / Schiff? Hanspeters Lampe Ja
50%
Welche der folgenden Personen wurden mindestens einmal beim örtlichen Supermarkt gesichtet? Hermann Nein
50%
Welche der folgenden Personen wurden mindestens einmal beim örtlichen Supermarkt gesichtet? Hintberg Harri Ja
50%
Wer war mindestens einmal auf dem Rentnergang Profilbild zu sehen? Kilian Ziegelhofer Ja
50%
Auf welchen Server versuchten Bo und Gor zu zweit eine Stadt zu errichten? KollerSMP Nein
50%
Welcher dieser Server endete tatsächlich aufgrund der Begründung "langeweile", weil bereits alles erreicht wurde? Lineal mit Ohren Ja
50%
Auf welchen Servern lebte Bo in einem Boot / Schiff? Lineal Mit Ohren Nein
50%
Wer war mindestens einmal auf dem Rentnergang Profilbild zu sehen? Manuel Uribe Nein
50%
Wer war mindestens einmal auf dem Rentnergang Profilbild zu sehen? Mao Zedong Nein
50%
Welche der folgenden Personen wurden mindestens einmal beim örtlichen Supermarkt gesichtet? MyShoes Kinderrentner Ja
50%
Auf welchen Server wurde die Farmers´ Delight Mod benutzt? O-Menschen Zug Ja
50%
Wer war mindestens einmal auf dem Rentnergang Profilbild zu sehen? Papa Schlumpf Nein
50%
Wer war mindestens einmal auf dem Rentnergang Profilbild zu sehen? Pilz Rentner Nein
50%
Auf welchen Servern lebte Bo in einem Boot / Schiff? RentnergangSMP Nein
50%
Auf welchen Server wurde die Farmers´ Delight Mod benutzt? SaftsackSMP Ja
50%
Auf welchen Server wurde die Farmers´ Delight Mod benutzt? SparfuchsSMP Ja
50%
Auf welchen Server wurde die Farmers´ Delight Mod benutzt? Subba Subbe Nein
50%
Auf welchen Server versuchten Bo und Gor zu zweit eine Stadt zu errichten? TonikwaterSMP Ja
50%
Welche der folgenden Personen wurden mindestens einmal beim örtlichen Supermarkt gesichtet? Typ von Google Ja
50%
Welcher dieser Server endete tatsächlich aufgrund der Begründung "langeweile", weil bereits alles erreicht wurde? Willi Fanklub Ja
50%
Auf welchen Servern lebte Bo in einem Boot / Schiff? Willi Fanklub Ja
50%
Auf welchen Servern lebte Bo in einem Boot / Schiff? Anal Anus Ja
25%
Auf welchen Servern lebte Bo in einem Boot / Schiff? Der Fette Albert Nein
25%
Auf welchen Server wurde die Farmers´ Delight Mod benutzt? Gorgre Kola Ja
25%
Auf welchen Server versuchten Bo und Gor zu zweit eine Stadt zu errichten? SparfuchsSMP Ja
25%
Auf welchen Servern lebte Bo in einem Boot / Schiff? TonikwaterSMP Ja
25%
Keine übereinstimmenden Quizze gefunden
Verteilung der Resultate
Anzahl Personen mit jedem Resultat
Perzentil nach korrekt beantworteten Fragen
Ihre Resultats-Entwicklung
Sie haben dieses Quiz noch nicht gespielt